El viaje del señor Down al mundo de los adultos
محفوظ في:
| المؤلف الرئيسي: | |
|---|---|
| التنسيق: | كتاب |
| اللغة: | الإسبانية |
| منشور في: |
Barcelona
Masson
1995
|
| سلاسل: | Diseños de Integración, 21
|
| الموضوعات: | |
| الوسوم: |
إضافة وسم
لا توجد وسوم, كن أول من يضع وسما على هذه التسجيلة!
|
MARC
| LEADER | 00000cam a2200000 a 4500 | ||
|---|---|---|---|
| 001 | UCF1012 | ||
| 003 | CL-VaPUC | ||
| 008 | 120614e19950000SP |||||||||||||||||spa|d | ||
| 020 | |a 8445803476 | ||
| 082 | 0 | 4 | |a 616.858 |b MON |2 21 |
| 100 | |a Montobbio, Enrico |e autor |9 562685 | ||
| 245 | 1 | 3 | |a El viaje del señor Down al mundo de los adultos |
| 300 | |a 57 p | ||
| 942 | |c BK | ||
| 945 | |d 20120614 00:00:00 |a dcastane | ||
| 260 | |a Barcelona |b Masson |c 1995 | ||
| 650 | 0 | |a Síndrome de Down |9 309553 | |
| 650 | 7 | |a NIÑOS IMPEDIDOS MENTALMENTE |2 CL-VaPUC |9 307488 | |
| 650 | 0 | |a Educación especial |9 307486 | |
| 583 | |a last modification |c 20140411 05:12:41 |k Rodrigo Vera | ||
| 490 | 0 | |a Diseños de Integración, 21 | |
| 999 | |c 348027 |d 348025 | ||
| 952 | |0 0 |1 0 |4 0 |6 616_858000000000000_MON_1995 |7 0 |8 A |9 449882 |a BIBEDU |b BIBEDU |d 2019-11-22 |i 4877411 |o 616.858 MON 1995 |p 4877411 |r 2019-11-22 |w 2019-11-22 |y BK |k EDI | ||